| 000 | 02641njm a2200673 i 4500 | ||
|---|---|---|---|
| 001 | 34976 | ||
| 003 | KOSZ 005 | ||
| 005 | 20220822084836.0 | ||
| 007 | sd fsngnnmmned | ||
| 008 | 061010s2005 pl munn i 000 0 d | ||
| 020 | _a8360004277 | ||
| 020 | _a8360004064 | ||
| 040 |
_cKOSZ 005 _aKOSZ 005 _dKOSZ 005/AR |
||
| 041 | 0 | _apol | |
| 046 | _k2005 | ||
| 080 | _a785(436) | ||
| 080 | _a782(436) | ||
| 080 | _a(086.7) | ||
| 100 | 1 |
_aMozart, Wolfgang Amadeus _d(1756-1791) _eKompozytor |
|
| 245 | 1 | 0 |
_aMozart / _cWolfgang Amadeus Mozart. |
| 260 |
_aWarszawa : _bMediasat Poland, _c2005. |
||
| 300 |
_a1 płyta CD (59 min 27 s) : _bzapis cyfrowy, stereo ; _c12 cm + _e1 dodatek : 43 strony : ilustracje ; 13 cm x 14 cm. |
||
| 336 |
_2rdacontent _aNagranie muzyczne _bprm |
||
| 336 |
_2rdacontent _3Dodatek _aTekst _btxt |
||
| 337 |
_2rdamedia _aAudio _bs |
||
| 337 |
_2rdamedia _aKomputer _bc |
||
| 337 |
_2rdamedia _3Dodatek _aBez urządzenia pośredniczącego _bn |
||
| 338 |
_2rdacarrier _aPłyta audio |
||
| 338 |
_2rdacarrier _3Dodatek _aWolumin _bc |
||
| 380 | _aMuzyka | ||
| 388 | _a1701-1800 | ||
| 490 | 1 |
_aBiblioteka Gazety Wyborczej. Wielcy Kompozytorzy ; _v21 |
|
| 500 | _aTekst komentarza: Andrzej Sitarz. | ||
| 500 | _aWykonanie: Orkiestra XVIII Wieku ; Frans Brüggen, dyrygent ; Joyce DiDonato, mezzosporan ; Eric Hoeprich, klarnet, bassethorn. | ||
| 500 | _aNagranie: Haarlem , Holandia, luty 2001 r. [etc.]. | ||
| 505 | _aKoncert klarnetowy A-dur KV 622, La clemenza di Tito KV 621 (fragmenty), Adagio KV 411, Maurerische Trauermusik KV 477. | ||
| 600 | 1 | 7 |
_aMozart, Wolfgang Amadeus _d(1756-1791) |
| 648 | 7 | _a1701-1800 | |
| 650 | 9 | _aKompozytorzy austriaccy | |
| 655 | 7 | _aDokumenty dźwiękowe | |
| 655 | 7 | _aKoncert (utwór muzyczny) | |
| 655 | 7 | _aMuzyka instrumentalna | |
| 655 | 7 | _aMuzyka kameralna | |
| 655 | 7 | _aMuzyka na głos wysoki i orkiestrę | |
| 655 | 7 | _aMuzyka na klarnet i orkiestrę | |
| 655 | 7 | _aMuzyka na orkiestrę | |
| 655 | 7 | _aMuzyka poważna | |
| 655 | 7 | _aMuzyka wokalna | |
| 655 | 7 | _aOpera (utwór muzyczny) | |
| 655 | 7 | _aUwertura | |
| 700 | 1 |
_aSitarz, Andrzej _eTekst |
|
| 700 | 1 |
_aBrüggen, Frans _eDyrygent _d(1934-2014) |
|
| 700 | 1 |
_aDiDonato, Joyce _eWykonanie |
|
| 700 | 1 |
_aHoeprich, Eric _eWykonanie _d(1955- ) |
|
| 710 | 2 |
_aOrchestra of the 18th Century _eWykonanie |
|
| 710 | 2 |
_aMediasat Poland _eWydawca |
|
| 830 | 0 |
_aBiblioteka Gazety Wyborczej. _pWielcy Kompozytorzy _v21 |
|
| 942 |
_cCD _2UKD |
||
| 999 |
_c34976 _d34976 |
||